000 00316nam a2200121Ia 4500
008 191206s9999 xx 000 0 und d
020 _a0816411999 :
245 0 _aChristian prayer
260 _aSeabury Press
260 _ccc1976
300 _a120 p. ; 22 cm.
999 _c17369
_d17369